Normal view
MARC view
- Supervisor: Dr. Hassaan Khaliq Qureshi
Entry Personal Name
001 - CONTROL NUMBER
- control field: 97205
003 - CONTROL NUMBER IDENTIFIER
- control field: NUST
005 - DATE AND TIME OF LATEST TRANSACTION
- control field: 20220815144613.0
008 - FIXED-LENGTH DATA ELEMENTS
- fixed length control field: 220815|| aca||aabn | a|a d
040 ## - CATALOGING SOURCE
- Original cataloging agency: NUST
- Transcribing agency: NUST
100 ## - HEADING--PERSONAL NAME
- Personal name: Supervisor: Dr. Hassaan Khaliq Qureshi
670 ## - SOURCE DATA FOUND
- Source citation: Work cat.: (NUST): Razzaque, Asmad Bin Abdul 97204, Enhanced Random Access Protocols for Massive IoT based on Advanced Physical Layer Processing /
